[Event "Hedmark & Oppland Region-ch"]
[Site "Lillehammer"]
[Date "2019.04.27"]
[Round "2"]
[White "Ruud, Christian Holmboe"]
[Black "Lind, Magne"]
[Result "0-1"]
[WhiteElo "1231"]
[BlackElo "1409"]
[PlyCount "84"]
[EventDate "2019.04.27"]
[EventType "swiss"]
[EventRounds "5"]
[EventCountry "NOR"]
[SourceTitle "EXT 2024"]
[Source "ChessBase"]
[SourceDate "2023.10.10"]
[SourceVersion "1"]
[SourceVersionDate "2023.10.10"]
[SourceQuality "1"]

1. d4 Nf6 2. c4 d5 3. Nc3 dxc4 4. e4 Nc6 5. Nf3 Bg4 6. Be3 Bxf3 7. Qxf3 e5 8. Rd1 exd4 9. Bxd4 Nxd4 10. Qf4 Nc2+ 11. Ke2 Nd4+ 12. Ke1 c6 13. Qe5+ Qe7 14. Qxd4 Nd5 15. Be2 Nxc3 16. Qxc3 Qxe4 17. f3 Qe7 18. Kf1 b5 19. Rd4 Qc5 20. Re4+ Kd7 21. g3 f6 22. Kg2 Bd6 23. Rd1 b4 24. Qc2 Kc7 25. Rxc4 Qb6 26. Re1 c5 27. Rd1 a5 28. Rg4 g6 29. Bc4 Rad8 30. Re4 Rhe8 31. Be6 Be5 32. Bd5 Bd4 33. Rdxd4 Kb8 34. Rc4 Rxe4 35. Bxe4 f5 36. Bd3 Qd6 37. Rxc5 Qxd3 38. Qa4 Qd2+ 39. Kh3 Qe3 40. Kh4 Rd4+ 41. f4 Rxf4+ 42. gxf4 Qxf4+ 0-1

[Event "Oslo op"]
[Site "Fornebu"]
[Date "2016.09.30"]
[Round "1"]
[White "Kaasen, Tor Fredrik"]
[Black "Ruud, Christian Holmboe"]
[Result "1-0"]
[WhiteElo "1927"]
[BlackElo "1243"]
[PlyCount "71"]
[EventDate "2016.09.30"]
[EventType "swiss"]
[EventRounds "9"]
[EventCountry "NOR"]
[SourceTitle "EXT 2018"]
[Source "ChessBase"]
[SourceDate "2017.10.13"]
[SourceVersion "1"]
[SourceVersionDate "2017.10.13"]
[SourceQuality "1"]

1. d4 Nf6 2. c4 g6 3. Nc3 Bg7 4. e4 d6 5. Nf3 0-0 6. Be2 c6 7. 0-0 Na6 8. Be3 Re8 9. Qc2 Nc7 10. Rfd1 Bd7 11. h3 Qc8 12. e5 dxe5 13. dxe5 Bf5 14. Bd3 Bxd3 15. Qxd3 Nh5 16. g4 Ne6 17. gxh5 Rd8 18. Qe4 Qc7 19. hxg6 hxg6 20. Rac1 Rd7 21. Rxd7 Qxd7 22. Rd1 Qc7 23. Ne2 Rd8 24. Rxd8+ Qxd8 25. Ned4 Nc5 26. Qh4 Qf8 27. Ng5 Bh6 28. e6 Bxg5 29. Qxg5 Ne4 30. Qg4 Nf6 31. exf7+ Kxf7 32. Qe6+ Kg7 33. Qe5 Kf7 34. Ne6 Qh8 35. Ng5+ Kf8 36. Bc5 1-0

[Event "Oslo op"]
[Site "Fornebu"]
[Date "2016.09.30"]
[Round "2"]
[White "Ruud, Christian Holmboe"]
[Black "Langvik, Ulrikke"]
[Result "0-1"]
[WhiteElo "1243"]
[BlackElo "1620"]
[PlyCount "104"]
[EventDate "2016.09.30"]
[EventType "swiss"]
[EventRounds "9"]
[EventCountry "NOR"]
[SourceTitle "EXT 2018"]
[Source "ChessBase"]
[SourceDate "2017.10.13"]
[SourceVersion "1"]
[SourceVersionDate "2017.10.13"]
[SourceQuality "1"]

1. e4 e6 2. d4 d5 3. e5 c5 4. c3 Qb6 5. Nf3 Nc6 6. Be2 Bd7 7. Qc2 cxd4 8. 0-0 Rc8 9. a3 Nge7 10. Re1 Ng6 11. Bd3 Be7 12. b4 dxc3 13. Be3 d4 14. Bxg6 dxe3 15. Bxf7+ Kxf7 16. Rxe3 g6 17. Nxc3 Rhd8 18. Qe4 Kg7 19. h4 Be8 20. Ng5 Bxg5 21. hxg5 Rd7 22. Qh4 Kf8 23. Rf3+ Ke7 24. Qxh7+ Kd8 25. Rd1 Nd4 26. Qh3 Nxf3+ 27. Qxf3 Rxc3 28. Qf6+ Kc7 29. Rd6 Rc1+ 30. Kh2 Rxd6 31. exd6+ Qxd6+ 32. g3 Bc6 33. Kh3 Rh1+ 34. Kg4 Qd1+ 35. f3 Qxf3+ 36. Qxf3 Bxf3+ 37. Kxf3 Ra1 38. Ke4 Kd6 39. g4 Rxa3 40. Kd4 Rg3 41. Kc4 Rxg4+ 42. Kb5 Rxg5+ 43. Ka4 Rd5 44. b5 e5 45. Kb4 e4 46. Ka5 e3 47. Kb4 e2 48. Kc4 e1Q 49. Kb3 Rd4 50. b6 Qe3+ 51. Kc2 Rd2+ 52. Kc1 Qe1# 0-1

[Event "Oslo op"]
[Site "Fornebu"]
[Date "2016.09.30"]
[Round "3"]
[White "Wanvik, Tim"]
[Black "Ruud, Christian Holmboe"]
[Result "1-0"]
[WhiteElo "1520"]
[BlackElo "1243"]
[PlyCount "93"]
[EventDate "2016.09.30"]
[EventType "swiss"]
[EventRounds "9"]
[EventCountry "NOR"]
[SourceTitle "EXT 2018"]
[Source "ChessBase"]
[SourceDate "2017.10.13"]
[SourceVersion "1"]
[SourceVersionDate "2017.10.13"]
[SourceQuality "1"]

1. e4 d5 2. exd5 Qxd5 3. Nc3 Qd6 4. d3 Nf6 5. Nf3 Bg4 6. h3 Bh5 7. Bg5 Qe6+ 8. Qe2 Qb6 9. Rb1 Nbd7 10. Qe3 Qa5 11. Be2 h6 12. Bxf6 Nxf6 13. 0-0 e6 14. Qe5 Qxe5 15. Nxe5 Bxe2 16. Nxe2 Bd6 17. Nc4 0-0 18. Nxd6 cxd6 19. c4 Rac8 20. Nc3 a5 21. f3 Nd7 22. Kf2 f5 23. b3 g5 24. Rfe1 Kf7 25. d4 b5 26. Nxb5 Ke7 27. Re2 Rf6 28. Nc3 h5 29. Nd5+ Kf7 30. Nxf6 Nxf6 31. Rf1 g4 32. fxg4 hxg4 33. hxg4 Nxg4+ 34. Kg3 Rg8 35. Kf4 Kf6 36. g3 Nh6 37. Rfe1 Re8 38. c5 Nf7 39. cxd6 Nxd6 40. g4 fxg4 41. Kxg4 Nb5 42. d5 e5 43. Rf2+ Kg6 44. Rf5 e4 45. Kf4 Nd6 46. Rg1+ Kh6 47. Rf6+ 1-0